01681cam a2200337 4500001001300000003000400013005001700017008004100034010001700075040004500092043001200137050002400149051001700173082001900190100002500209245029900234260004400533300003900577440004900616500004900665500012400714501019000838504003001028650004801058650004501106650002101151700003201172700003301204710005401237710005201291gs 67000304 DLC20260227111421.0691211s1968 dcuab b 000 0 eng c ags 67000304  aU.S. Geological Survey LibrarycDLCdDLC an-us-ms00aTC801b.U2 no. 1856 aGB705.M7bN400a628/.1/09762131 aNewcome, Roy,d1925-10aWater for the growing needs of Harrison County, Mississippi :bas evaluation of the potential of streams and aquifers to satisfy the growing industrial and municipal water needs of an expanding economy on Mississippi's gulf coast /cby Roy Newcome, Jr., D. E. Shattles, and C. P. Humphreys, Jr. aWashington :bGovt. Print. Off.,c1968. avi, 106 p. :bill., maps ;c24 cm. 0aGeological Survey water-supply paper ;v1856 aPart of illustrative matter fold. in pocket. a"Prepared in cooperation with the Harrison County Development Commission and the Harrison County Board of Supervisors." aTC801.U2 no. 1856 with: Ground-water levels in the United States, 1961-65. Southeastern states / prepared under the direction of C. L. McGuinness. Washington : Govt. Print. Off., 1968. aBibliography: p. 102-106. 0aWater-supplyzMississippizHarrison County. 0aHydrologyzMississippizHarrison County. 0aWaterxAnalysis.1 aShattles, Donald E.,d1933-1 aHumphreys, Carney P.,d1929-1 aHarrison County (Miss.).bDevelopment Commission.1 aHarrison County (Miss.).bBoard of Supervisors.